Catálogo público

Mathematical modelling in animal nutrition / edisión James France y Ermias Kebreab (Record no. 217137)

MARC details
000 -CABECERA
campo de control de longitud fija 00842nam a2200241Ia 4500
001 - NÚMERO DE CONTROL
campo de control Z_6449
008 - DATOS DE LONGITUD FIJA--INFORMACIÓN GENERAL
campo de control de longitud fija 220601s9999 xx 000 0 und d
020 ## - NÚMERO INTERNACIONAL ESTÁNDAR DEL LIBRO
Número Internacional Estándar del Libro 978-1-845933548 (papel alcalino)
082 ## - NÚMERO DE LA CLASIFICACIÓN DECIMAL DEWEY
Número de clasificación 636.085 M38
245 ## - MENCIÓN DE TÍTULO
Título Mathematical modelling in animal nutrition / edisión James France y Ermias Kebreab
260 ## - PUBLICACIÓN, DISTRIBUCIÓN, ETC.
Lugar de publicación, distribución, etc. Inglaterra : CABI
300 ## - DESCRIPCIÓN FÍSICA
Extensión xiii, 574 p.
503 ## - NOTA DE HISTORIA BIBLIOGRÁFICA (BK CF MU) [OBSOLETO]
Nota de historia bibliográfica ej.1: 264703 \ ej.2: 264704 \ ej.3: 264705
504 ## - NOTA DE BIBLIOGRAFÍA, ETC.
Nota de bibliografía, etc. Incluye bibliografía e índice
650 ## - PUNTO DE ACCESO ADICIONAL DE MATERIA--TÉRMINO DE MATERIA
Término de materia o nombre geográfico como elemento de entrada 1. Nutrición animal -- Modelos matemáticos
650 ## - PUNTO DE ACCESO ADICIONAL DE MATERIA--TÉRMINO DE MATERIA
Término de materia o nombre geográfico como elemento de entrada Alimentos para animales -- Formulación de raciones -- Métodos
700 ## - PUNTO DE ACCESO ADICIONAL--NOMBRE DE PERSONA
Nombre de persona France, James, ed. \ Kebreab, Ermias, ed.Ì
9 (RLIN) 183739
901 ## - ELEMENTOS DE DATOS A LOCAL LDA (RLIN)
a 636.085 M38
902 ## - ELEMENTOS DE DATOS B LOCAL, LDB (RLIN)
a M
905 ## - ELEMENTOS DE DATOS E LOCAL, LDE (RLIN)
a 523227 2008 enkmn 8221113311eng16
942 ## - ELEMENTOS DE PUNTO DE ACCESO ADICIONAL (KOHA)
Tipo de ítem Koha Libro_
Holdings
Estado de retiro Estado de pérdida Fuente del sistema de clasificación o colocación Estado dañado No para préstamo Código de colección Localización permanente Ubicación/localización actual Ubicación en estantería Fecha de adquisición Total de préstamos Código de barras Fecha visto por última vez Número de copia Precio válido a partir de Tipo de ítem Koha
    Dewey Decimal Classification     General Zootecnia Zootecnia   06/08/2014   z_6280 02/06/2022 3 02/06/2022 Libro
    Dewey Decimal Classification     General Zootecnia Zootecnia   06/08/2014   z_6278 02/06/2022 1 02/06/2022 Libro
    Dewey Decimal Classification     General Zootecnia Zootecnia   06/08/2014   z_6279 02/06/2022 2 02/06/2022 Libro